000 00313nam a22001457a 4500
003 SGT
082 _a616.5
_bC11S
100 _aSEHGAL, VIRENDRA N.
245 _aTB. OF CLINICAL DERMATOLOGY
250 _a5TH
260 _aINDIA
_bJAYPEE
_c2011
300 _a354
650 _aDERMATOLOGY
942 _2ddc
_cBK
999 _c14601
_d14601